| 000 | 00465 a2200169 4500 | ||
|---|---|---|---|
| 001 | 068581 | ||
| 003 | OSt | ||
| 005 | 20220307144147.0 | ||
| 008 | |||
| 082 |
_a954.088297 _bM97M |
||
| 245 | 1 |
_aMuslims, dalits and the fabrications of history _cedited by Shail Mayaram |
|
| 260 |
_aRanikhet _bPermanent Black _c2010 |
||
| 300 | _a322p. | ||
| 700 |
_aMayaram, Shail _eEditor |
||
| 700 |
_aPandian, M.S.S. _eEditor |
||
| 942 |
_2ddc _cBK |
||
| 999 |
_c2237 _d2237 |
||